000 00633cam a2200217 4500500
005 20260405003445.0
041 _afre
042 _adc
100 1 0 _aN’Diaye, Aïda
_eauthor
245 0 0 _aFlux. Comment la pensée logistique gouverne le monde
260 _c2022.
500 _a54
690 _aÉconomie
690 _aFlux
690 _aManagement
690 _aPrix
690 _aRationalité
690 _aTransport
786 0 _nPhilosophie magazine | 156 | 2 | 2022-02-01 | p. 64-64 | 1951-1787
856 4 1 _uhttps://shs.cairn.info/magazine-philosophie-magazine-2022-2-page-64?lang=fr&redirect-ssocas=7080
999 _c2067707
_d2067707